Normal view
MARC view
- Project CED-69
Entry Topical Term
001 - CONTROL NUMBER
- control field: 47603
003 - CONTROL NUMBER IDENTIFIER
- control field: NUST
005 - DATE AND TIME OF LATEST TRANSACTION
- control field: 20210314133843.0
008 - FIXED-LENGTH DATA ELEMENTS
- fixed length control field: 210314|| aca||aabn | a|a d
040 ## - CATALOGING SOURCE
- Original cataloging agency: NUST
- Transcribing agency: NUST
150 ## - HEADING--TOPICAL TERM
- Topical term or geographic name entry element: Project CED-69
670 ## - SOURCE DATA FOUND
- Source citation: Work cat.: (NUST): Tc-1482 Ahmed Tariq 47602, Project Documentation of flood (2010) & suggest design / meaures, 18-11-2011
